[Event "Wch U10"]
[Site "Montesilvano"]
[Date "2024.11.22"]
[Round "7"]
[White "Blekh, Erik"]
[Black "Annapureddy, Rheyansh Reddy"]
[Result "0-1"]
[WhiteElo "1790"]
[BlackElo "2122"]
[PlyCount "58"]
[EventDate "2024.11.15"]
[EventType "swiss"]
[EventRounds "11"]
[EventCountry "ITA"]
[SourceTitle "CB48_2024"]
[SourceDate "2024.11.28"]
[SourceVersion "1"]
[SourceVersionDate "2024.11.28"]
[SourceQuality "1"]

1. Nf3 Nf6 2. g3 g6 3. b3 Bg7 4. Bb2 0-0 5. Bg2 c5 6. c4 d6 7. d4 d5 8. Nbd2 dxc4 9. Nxc4 Be6 10. Ncd2 Nc6 11. dxc5 Qa5 12. 0-0 Rfd8 13. Qc1 Rac8 14. Bc3 Qxc5 15. Qb2 b5 16. b4 Qh5 17. h4 h6 18. a4 a5 19. Nd4 axb4 20. Nxc6 bxc3 21. Qxb5 Rxc6 22. Qxc6 cxd2 23. a5 Nd5 24. a6 Bxa1 25. a7 Bd4 26. a8Q Rxa8 27. Qxa8+ Kh7 28. Qa4 Nc3 29. Qc2 Qxe2 0-1

[Event "Wch U10"]
[Site "Montesilvano"]
[Date "2024.11.20"]
[Round "6"]
[White "Blekh, Erik"]
[Black "Ismailov, Omarbek"]
[Result "1-0"]
[WhiteElo "1790"]
[BlackElo "1625"]
[PlyCount "109"]
[EventDate "2024.11.15"]
[EventType "swiss"]
[EventRounds "11"]
[EventCountry "ITA"]
[SourceTitle "CB48_2024"]
[SourceDate "2024.11.28"]
[SourceVersion "1"]
[SourceVersionDate "2024.11.28"]
[SourceQuality "1"]

1. Nf3 d5 2. g3 Bg4 3. Bg2 e6 4. 0-0 Nf6 5. d3 h6 6. h3 Bxf3 7. Bxf3 c6 8. Nd2 Nbd7 9. b3 Be7 10. Bb2 0-0 11. e4 a5 12. e5 Nh7 13. a4 Qb6 14. Bg2 Rfc8 15. Kh2 Nhf8 16. f4 Ng6 17. Qe2 Bc5 18. Rae1 Ne7 19. g4 g6 20. Nf3 Qa6 21. Qd2 Kh7 22. Bc1 Ng8 23. Kh1 b5 24. f5 Nf8 25. Qf4 Ra7 26. Qg3 Bb4 27. Re2 bxa4 28. bxa4 c5 29. Qh4 exf5 30. gxf5 gxf5 31. Qf4 Qe6 32. Nh4 Ng6 33. Qxf5 Qxf5 34. Nxf5 Rd8 35. Nd6 Nxe5 36. Nb5 Re7 37. Bf4 f6 38. Bxe5 fxe5 39. c3 Kg6 40. Re3 Nf6 41. cxb4 axb4 42. Rg3+ Kf7 43. Rgf3 Re6 44. Nc7 Red6 45. Nxd5 Rxd5 46. Rxf6+ Kg7 47. Bxd5 Rxd5 48. R6f3 Rd7 49. Re3 b3 50. Rb1 Kf6 51. Rxb3 Kf5 52. Rf3+ Kg5 53. Rc3 Rc7 54. Rc4 Rc6 55. Rg4+ 1-0

[Event "ISR-ch U10"]
[Site "Kfar Saba"]
[Date "2024.04.17"]
[Round "3"]
[White "Roth, Elai"]
[Black "Blekh, Erik"]
[Result "1/2-1/2"]
[WhiteElo "1537"]
[BlackElo "1696"]
[PlyCount "83"]
[EventDate "2024.04.10"]
[EventType "swiss"]
[EventRounds "9"]
[EventCountry "ISR"]
[SourceTitle "EXT 2025"]
[Source "ChessBase"]
[SourceDate "2024.10.14"]
[SourceVersion "1"]
[SourceVersionDate "2024.10.14"]
[SourceQuality "1"]

1. e4 c5 2. c3 Nf6 3. e5 Nd5 4. d4 cxd4 5. cxd4 d6 6. exd6 Qxd6 7. Nc3 Nc6 8. Nf3 Bg4 9. Be2 e6 10. 0-0 Be7 11. h3 Bh5 12. Nxd5 Qxd5 13. Qd3 Bg6 14. Qb5 Qxb5 15. Bxb5 0-0 16. Bf4 Be4 17. Bxc6 Bxc6 18. Ne5 Bd5 19. Rfd1 Rfd8 20. Rac1 Rac8 21. b3 Ba3 22. Rxc8 Rxc8 23. Rd3 Bb4 24. Rd1 Rc2 25. Rc1 Be4 26. f3 Rxc1+ 27. Bxc1 Bb1 28. a3 Bc3 29. Be3 a5 30. Nc4 Ba2 31. Nd2 b6 32. Nc4 a4 33. Nxb6 axb3 34. Na4 Ba1 35. Bc1 Bxd4+ 36. Kh1 Kf8 37. Bb2 Bxb2 38. Nxb2 Ke7 39. Kg1 Kd6 40. Kf2 Bb1 41. Ke3 Bc2 42. Kd4 1/2-1/2